Statistics for アイドルマスター ミリオンライブ!のユニット名

Click here to take the quiz!

General Stats

  • This quiz has been taken 29 times
    (28 since last reset)
  • The average score is 40 of 67

Answer Stats

ユニット名曲名メンバー% Correct
閃光☆HANABI団咲くは浮世の君花火 など高山紗代子・高坂海美・福田のり子・横山奈緒・佐竹美奈子
95%
リコッタHOME, SWEET FRIENDSHIP天海春香・周防桃子・福田のり子・松田亜利沙・横山奈緒
90%
4 Luxury花ざかりweekend✿ など豊川風花・桜守歌織・馬場このみ・北上麗花
90%
D/Zealハーモニクス などジュリア・最上静香
90%
クレシェンドブルーShooting Stars最上静香・北上麗花・北沢志保・野々原茜・箱崎星梨花
85%
灼熱少女ジレるハートに火をつけて田中琴葉・大神環・高坂海美・所恵美・宮尾美也
85%
乙女ストーム!Growing Storm!春日未来・伊吹翼・七尾百合子・真壁瑞希・望月杏奈
85%
オフィウクス電波感傷桜守歌織・白石紬
85%
ウィルゴプリムラ永吉昴・七尾百合子・最上静香
80%
スコーピオリフレインキス田中琴葉・北沢志保・高坂海美・松田亜利沙
80%
EScapeMelty Fantasia など真壁瑞希・白石紬・北沢志保
80%
Xsラビットファー など萩原雪歩・星井美希・菊地真・水瀬伊織
80%
キャンサーランニング・ハイッ横山奈緒・木下ひなた・エミリー
75%
ストロベリーポップムーンABSOLUTE RUN!!! など春日未来・最上静香・伊吹翼
75%
レオゲキテキ!ムテキ!恋したい!ロコ・中谷育・島原エレナ
75%
りるきゃん~3 little candy~ハルマチ女子 など篠宮可憐・伊吹翼・野々原茜
75%
ANGEL STARSAngelic Parade♪伊吹翼・島原エレナ・箱崎星梨花・野々原茜・望月杏奈・木下ひなた・馬場このみ・大神環・豊川風花・宮尾美也・篠宮可憐・北上麗花・桜守歌織
75%
FAIRY STARSFairyTaleじゃいられない最上静香・所恵美・ロコ・天空橋朋花・北沢志保・舞浜歩・二階堂千鶴・真壁瑞希・百瀬莉緒・永吉昴・周防桃子・ジュリア・白石紬
75%
PRINCESS STARSPrincess Be Ambitious!!春日未来・田中琴葉・佐竹美奈子・徳川まつり・七尾百合子・高山紗代子・松田亜利沙・高坂海美・中谷育・エミリー・矢吹可奈・横山奈緒・福田のり子
75%
TIntMe!Arrive You ~それが運命でも~ など大神環・中谷育・周防桃子
75%
エターナルハーモニーEternal Harmony如月千早・エミリー・ジュリア・徳川まつり・豊川風花
70%
トゥインクルリズムZETTAI × BREAK!! トゥインクルリズム など中谷育・七尾百合子・松田亜利沙
70%
タウラスメメント?モメント♪ルルルルル☆宮尾美也・徳川まつり・春日未来
70%
花咲夜百花は月下に散りぬるを などエミリー・白石紬・天空橋朋花
70%
ピコピコプラネッツピコピコIIKO! インベーダー など木下ひなた・箱崎星梨花・大神環・望月杏奈
70%
Cleasky虹色letters など島原エレナ・宮尾美也
70%
リブラBonnes! Bonnes!! Vacances!!!伊吹翼・佐竹美奈子・福田のり子
65%
≡君彩≡ReTale など所恵美・松田亜利沙・矢吹可奈
65%
ピスケスP.S I Love You天空橋朋花・二階堂千鶴・篠宮可憐
65%
サジタリアスRaise the FLAG所恵美・舞浜歩・真壁瑞希
65%
BIRTHBirth of Color菊地真・萩原雪歩・舞浜歩・三浦あずさ・矢吹可奈
65%
SHADE OF SPADEESPADA星井美希・双海亜美・我那覇響・最上静香・野々原茜・中谷育・エミリー・北沢志保・舞浜歩・豊川風花・篠宮可憐・永吉昴・白石紬
65%
STAR ELEMENTSEpisode. Tiara など春日未来・矢吹可奈・田中琴葉
65%
アリエスSweet Sweet Soul大神環・野々原茜・箱崎星梨花
60%
BRIGHT DIAMONDダイヤモンド・クラリティ桜守歌織・四条貴音・伊吹翼・春日未来・周防桃子・田中琴葉・徳川まつり・所恵美・萩原雪歩・双海真美・水瀬伊織・宮尾美也・百瀬莉緒
60%
夜想令嬢 -GRAC&E NOCTURNE-昏き星、遠い月 など二階堂千鶴・天空橋朋花・百瀬莉緒・所恵美
60%
Jelly Pop Beans月曜日のクリームソーダ などロコ・舞浜歩・永吉昴・周防桃子
60%
レジェンドデイズ合言葉はスタートアップ!我那覇響・秋月律子・高槻やよい・双海亜美・水瀬伊織
55%
カプリコーンNO CURRY NO LIFE望月杏奈・矢吹可奈・百瀬莉緒
55%
ミックスナッツドリームトラベラー馬場このみ・木下ひなた・佐竹美奈子・中谷育・双海真美
55%
ジェミニ永遠の花周防桃子・豊川風花・馬場このみ
55%
Charlotte・Charlotteだってあなたはプリンセス など徳川まつり・エミリー
55%
CLEVER CLOVERShamrock Vivace菊地真・秋月律子・三浦あずさ・島原エレナ・箱崎星梨花・ロコ・高坂海美・木下ひなた・横山奈緒・二階堂千鶴・馬場このみ・大神環・真壁瑞希
55%
オペラセリア・煌輝座Parade d'amour など北沢志保・桜守歌織・田中琴葉・徳川まつり
50%
アクアリウス待ちぼうけのLacrima北上麗花・高山紗代子・ジュリア
50%
ミルキーウェイ星屑のシンフォニア星井美希・高山紗代子・天空橋朋花・永吉昴・二階堂千鶴
50%
ARMoooフリースタイル・トップアイドル! など双海真美・秋月律子・双海亜美
50%
BlueMoon Harmonybrave HARMONY北上麗花・篠宮可憐・ジュリア・高山紗代子・天空橋朋花・所恵美・永吉昴・七尾百合子・二階堂千鶴・舞浜歩・真壁瑞希・最上静香・白石紬
50%
Chrono-Lexicadans l'obscurité など七尾百合子・永吉昴・真壁瑞希・望月杏奈・ロコ
50%
Jus-2-MintSuper Duper など佐竹美奈子・横山奈緒
50%
ARCANAFermata in Rapsodia など三浦あずさ・如月千早・四条貴音
45%
ARRIVESTANDING ALIVE篠宮可憐・四条貴音・島原エレナ・百瀬莉緒・ロコ
45%
LOVERS HEART空色♡ Birthday Card天海春香・如月千早・高槻やよい・佐竹美奈子・望月杏奈・七尾百合子・高山紗代子・松田亜利沙・天空橋朋花・矢吹可奈・福田のり子・北上麗花・ジュリア
45%
Sunshine Rhythmサンリズム・オーケストラ♪伊吹翼・エミリー・木下ひなた・佐竹美奈子・島原エレナ・中谷育・福田のり子・望月杏奈・百瀬莉緒・矢吹可奈・横山奈緒・ロコ・桜守歌織
45%
TRICK&TREATBlack★Party など北上麗花・野々原茜
45%
ダイヤモンドダイバー◇Deep, Deep Blue など高槻やよい・天海春香・我那覇響
40%
マイティセーラーズインヴィンシブル・ジャスティス伊吹翼・高坂海美・七尾百合子
40%
miraclesonic★expassion絶対的Performer など舞浜歩・福田のり子・島原エレナ・高坂海美
40%
Starlight MelodyStarry Melody春日未来・大神環・北沢志保・高坂海美・周防桃子・徳川まつり・豊川風花・野々原茜・箱崎星梨花・馬場このみ・松田亜利沙・宮尾美也・田中琴葉
35%
ジェネシス×ネメシスJustice OR Voice白石紬・桜守歌織・ジュリア・菊地真・野々原茜
30%
FleurangesSpecial Wonderful Smile など篠宮可憐・箱崎星梨花・木下ひなた・宮尾美也
30%
Sherry 'n CherryCherry Colored Love など馬場このみ・百瀬莉緒
30%
chicAAmor深紅のパシオン など高山紗代子・豊川風花・ジュリア・二階堂千鶴
25%
Rising Lightサウンド・オブ・ビギニング田中琴葉・ロコ・周防桃子・二階堂千鶴・宮尾美也・伊吹翼・大神環・菊地真・徳川まつり・萩原雪歩・箱崎星梨花・水瀬伊織・横山奈緒
20%
Emotion Lightオレンジ・エピソード天海春香・佐竹美奈子・松田亜利沙・北沢志保・舞浜歩・星井美希・我那覇響・高山紗代子・天空橋朋花・矢吹可奈・福田のり子・永吉昴・白石紬
15%
Fantastic LightLike twinkling STARS篠宮可憐・双海真美・四条貴音・エミリー・豊川風花・双海亜美・春日未来・最上静香・所恵美・野々原茜・中谷育・百瀬莉緒・桜守歌織
15%
Shine LightSupersonic Booster!秋月律子・七尾百合子・北上麗花・馬場このみ・島原エレナ・如月千早・木下ひなた・高坂海美・ジュリア・高槻やよい・真壁瑞希・三浦あずさ・望月杏奈
10%

Score Distribution

Percentile by Number Answered

Percent of People with Each Score

Your Score History

You have not taken this quiz since the last reset